00716nam a2200181 a 450000100100000000500170001000800410002704000250006811000320009324000190012524500490014424600460019326000470023930000200028695201050030695201060041199900170051700003946420201002031649.0130701s1997 dr 000 0 spa d aDO-SdBNPbspacBNPHU2 aRepública Dominicana944710a[ Leyes, etc.]10aLey de casación y leyes complementarias /.14aLey de casación y leyes complementarias aSanto Domingo :bCongreso Nacional,c1997. a32 p. ;c22 cm. 0010718PDaPDbPDcCTd2013-07-01iLF1l0o p39464-10r2020-06-25w2020-06-25yLFPDZNo se presta 00107-18PDaPDbPDcOId2019-06-17iLF1l0o p39464-20r2020-06-25w2020-06-25yLFPDZNo se presta c38954d38954